Statistiques concernant Hitler ou Zemmour

Cliquez ici pour prendre le quiz!

Statistiques générales

  • Ce quiz a été pris 399 fois
  • Le résultat moyen est 7 sur 10

Statistiques - réponses

QuestionRéponse% Correct
Lequel des 2 a une moustacheHitler
96%
Lequel des 2 a écrit des livresLes 2
90%
Lequel des 2 a tenté un coup d'étatHitler
88%
Lequel des 2 est peintreHitler
84%
Lequel des 2 n'aime pas les migrantsLes 2
78%
Lequel des 2 est d'extrême droiteLes 2
69%
Lequel des 2 a vécu en EspagneAucun
66%
Lequel des 2 est juifZemmour
66%
Lequel des 2 porte la cravateLes 2
48%
Lequel des 2 a été adoptéZemmour
31%

Distribution des résultats

Percentile par nombre de réponses

% des personnes avec chaque résultat

Votre développement - résultats

Vous n’avez pas pris ce quiz